000
00280nam a22001217a 4500
020
_a
978-0-439-25415-1
082
_a
425
_b
SCH/S
245
_a
SYNOYMS,ANTONYMS & HOMONYMS
260
_a
NEW YORK
_b
SCHOLASTIC
300
_a
220
650
_a
SYNONYMS & ANTONYMS
_z
NEW YORK
942
_c
BK
999
_c
3788
_d
3788